La inteligencia artificial (IA) en la enseñanza del derecho. Memoria del II conversatorio sobre innovación en la enseñanza (Registro nro. 21927)

Detalles MARC
000 -LEADER
fixed length control field 00475 a2200133 4500
001 - CONTROL NUMBER
control field ART_63635
005 - DATE AND TIME OF LATEST TRANSACTION
control field 20260410161816.0
008 - FIXED-LENGTH DATA ELEMENTS--GENERAL INFORMATION
fixed length control field 260409a
100 1# - MAIN ENTRY--PERSONAL NAME
Personal name Alí Pini, Cecilia V.
245 10 - TITLE STATEMENT
Title La inteligencia artificial (IA) en la enseñanza del derecho. Memoria del II conversatorio sobre innovación en la enseñanza
700 1# - ADDED ENTRY--PERSONAL NAME
Personal name Marotta, Julieta
700 1# - ADDED ENTRY--PERSONAL NAME
Personal name Parise, Agustín
773 0# - HOST ITEM ENTRY
Title Academia
Related parts - Año 22, N° 44 (jul./dic. 2024)
Record control number REV4314

No hay ítems disponibles.